| 000 | 00972cam a22002775a 4500 | ||
|---|---|---|---|
| 001 | 016621685 | ||
| 003 | OSt | ||
| 005 | 20151214132658.0 | ||
| 008 | 140122t2015 moua frb 001 0 eng d | ||
| 020 | _a9781455740192 (pbk.) | ||
| 040 |
_aStDuBDS _beng _cStDuBDS _dEG-ScBUE |
||
| 082 | 0 | 4 |
_a616.890231 _222 _bVAR |
| 100 | 1 |
_aVarcarolis, Elizabeth M. _936308 |
|
| 245 | 1 | 0 |
_aManual of psychiatric nursing care planning : _bassessment guides, diagnoses, psychopharmacology / _cElizabeth M. Varcarolis. |
| 250 | _a5th ed. | ||
| 260 |
_aMissouri : _bElsevier, _cc.2015. |
||
| 300 |
_aix, 757 p. : _bill. ; _c19 cm. |
||
| 500 | _aPrevious edition : St Louis, Mo. : Saunders Elsevier, 2011. | ||
| 500 | _aIndex : p. 717-757. | ||
| 504 | _aIncludes bibliographical references. | ||
| 650 | 7 |
_aPsychiatric nursing. _936309 _2BUEsh |
|
| 650 | 7 |
_aNursing care plans. _936310 _2BUEsh |
|
| 651 | _2BUEsh | ||
| 653 |
_bNNUR _cOctober2014 _cDecember2015 |
||
| 942 |
_2ddc _k616.890231 VAR |
||
| 999 |
_c18491 _d18463 |
||